| 000 | 02102nam0a2200385 4500 | ||
|---|---|---|---|
| 001 | RU\NLR\BIBL_A\022797257 | ||
| 005 | 20260503065431.0 | ||
| 010 |
_d1 р. 67 к. _91265 экз. +10 отд. отт. |
||
| 021 |
_aRU _b72-39389 |
||
| 035 | _a(NLR Aleph) 022797257 | ||
| 090 |
_a13701438 _c13701438 |
||
| 100 | _a20260429d1972 k y0rusy50 ca | ||
| 101 | 0 |
_arus _deng |
|
| 102 | _aRU | ||
| 105 | _aa z 000 y | ||
| 181 | 0 |
_ai _baxxe |
|
| 182 | 0 | _an | |
| 200 | 1 |
_aПроблемы фотопериодизма и диапаузы насекомых _eсборник работ, посвященных памяти профессора А.С. Данилевского _fЛенинградский государственный университет им. А.А. Жданова _g[ответственный редактор: Н.И. Горышин] |
|
| 203 |
_aТекст _bвизуальный _cнепосредственный |
||
| 210 |
_aЛенинград _cИздательство Ленинградского университета _d1972 |
||
| 215 |
_a243 с., 3 л. ил. _cил. _d22 |
||
| 300 | _aРезюме статей на англ. яз. | ||
| 320 | _a"Список работ А.С. Данилевского", с. 11-14, и списки литературы в в конце статей | ||
| 600 | 1 |
_aДанилевский _bА.С. _f1911 - 1969 _gАлександр Сергеевич _jСборники _91144080 _3RU\NLR\AUTH\66455817 |
|
| 606 | 1 |
_aФотопериодизм у насекомых _jСборники _91664657 _3RU\NLR\AUTH\66737825 |
|
| 606 | 1 |
_aНасекомые _jСборники _xСезонная ритмичность _91785313 _3RU\NLR\AUTH\66802887 |
|
| 686 | 1 | _aЕ681.232 | |
| 686 | 1 | _aЕ6д(2)Данилевский | |
| 702 | 1 |
_aГорышин _bН. И. _gНиколай Иванович _4340 |
|
| 702 | 1 |
_aДанилевский _bА. С. _f1911- _gАлександр Сергеевич _4570 |
|
| 712 | 0 | 2 |
_4475 _aЛГУ _9274883 _3RU\NLR\AUTH\882128 |
| 852 |
_aNLR _j72-5/822 |
||
| 942 | _cBOOK | ||
| 980 | _aNB | ||